000 00327nam a22001337a 4500
008 170621b xxu||||| |||| 00| 0 eng d
020 _a9780805076516
041 _aeng
080 _a94
100 _a18
101 _aSHH
245 _aNUCLEAR TERRORISM THE ULTIMATE PREVENTABLE CATASTROPHE
_cALLISON.G
942 _2udc
_cBK
999 _c18553
_d18553